Pays où l'on parle français - Statistiques

Statistiques générales
  • Ce quiz a été pris 110 fois
  • Le résultat moyen est 27 sur 43
Statistiques - réponses
Indice Pays % Correct
Langue maternelle France
98%
Langue maternelle/officielle Belgique
92%
Langue maternelle/officielle Suisse
91%
Langue secondaire Algérie
90%
Langue secondaire Maroc
88%
Langue maternelle/officielle Canada
87%
Langue secondaire Tunisie
84%
Langue officielle Sénégal
81%
Langue officielle République Démocratique du Congo
80%
Langue maternelle Monaco
79%
Langue officielle Congo
78%
Langue officielle Luxembourg
78%
Langue officielle Côte d'ivoire
73%
Langue secondaire Mali
73%
Langue officielle Bénin
66%
Langue officielle Madagascar
66%
Langue secondaire Niger
66%
Langue officielle Cameroun
65%
Langue officielle Guinée
63%
Langue officielle Gabon
62%
Langue officielle Togo
61%
Langue officielle République centrafricaine
59%
Langue officielle Tchad
58%
Langue secondaire Mauritanie
57%
Langue secondaire Burkina Faso
56%
Langue officielle Comores
54%
Langue secondaire Liban
54%
Langue secondaire/officielle Etats-Unis
52%
Langue officielle Djibouti
49%
Langue officielle Haïti
49%
Langue secondaire Laos
49%
Langue officielle Rwanda
49%
Langue officielle Seychelles
49%
Langue secondaire Vietnam
49%
Langue officielle Maurice
48%
Langue secondaire Cambodge
47%
Langue officielle Allemagne
45%
Langue officielle Guinée équatoriale
44%
Langue officielle Burundi
39%
Langue officielle Inde
39%
Langue officielle Royaume-Uni
38%
Langue officielle Vatican
32%
Langue officielle Vanuatu
31%
Aucun quiz correspondant
Distribution des résultats
% des personnes avec chaque résultat
Percentile par nombre de réponses
Votre historique - résultats
Vous n’avez pas pris ce quiz